Responses for Show #8804 - Thursday, February 9, 2023

Contestants

[<< previous game]

Mira Hayward, a writer from Portland, Oregon

Scott Perry, an associate professor of history from St. Petersburg, Florida

Dan Wohl, a high school history teacher from Forest Hills, New York (whose 1-day cash winnings total $26,799)

[next game >>]

Jeopardy! Round responses

SOUTH AMERICAN GEOGRAPHY
MUSIC FOR SHARKS
LIFE LINES
"WORLD"
ON THEIR FAST FOOD MENU
PUT IN YOUR ORDINAL
    $200 23
Peru

Mira
    $200 29
(Mira: What is [*]? Doo-doo, doo-doo, doo-doo.)

"Baby Shark"

Mira
    $200 28
the Dalai Lama

Dan
    $200 27
a wonder of the world

Scott
    $200 30
Wendy's

Dan
    $200 22
first come, first served

Dan
    $400 8
(Mira: What is Aconagua?)

Aconcagua

DanMira
    $400 12
John Williams

Mira
    $400 18
(Dan: Who is Yoko Ono?)
...
(Ken: Yes, it's from "Beautiful Boy".)

Sean Lennon

DanMira
    $400 16
World of Warcraft

Dan
    $400 24
Domino's

Triple Stumper
    $400 14
bottom of the ninth

Mira
    $600 1
the Atacama

Mira
    $600 2
"Mack The Knife"

Scott
    $600 9
yearning

Mira
    $600 5
dead to the world

Triple Stumper
    $600 10
Taco Bell

Scott
    $600 15
(Mira: What is top banana?)

second banana

ScottMira
    $800 3
the Pampas

Mira
    $800 26
Hall & Oates

Dan
    $800 17
Fiddler on the Roof

Mira
    $800 6
the World Trade Center

Dan
    $800 11
(Scott: Uh, what is McDonald's?)

White Castle

DanScott
    $800 20
Robert Griffin III

Dan
    $1000 4
Suriname

Scott
    $1000 25
Great White

Dan
    $1000 19
Kierkegaard

Mira
    $1,000 7
(Dan: What is world?)

all's right with the world

Dan
    $1000 13
(Scott: What is Long John Silver?)
(Ken: No.)
(Scott: Silver's.)
...
(Ken: Yes, Scott missed the "S".)

Long John Silver's

ScottMira
    $1000 21
seventh heaven

Dan

Scores at the first commercial break (after clue 15):

Dan Scott Mira
$1,000 $1,000 $2,800

Scores at the end of the Jeopardy! Round:

Dan Scott Mira
$5,200 $1,200 $5,400

Double Jeopardy! Round responses

EPONYMS
AMERICAN HISTORY
OSCAR-WINNING WOMEN
AUTOBIOGRAPHIES
CHEMISTRY
YOU'RE ON THE WORLD MONEY
    $400 20
Socrates

Scott
    $400 19
Ellis Island

Dan
    $400 21
Adele

Dan
    $400 25
American Sniper

Mira
    $400 29
(vitamin) B

Dan
    $400 17
Churchill

Dan
    $800 28
(Scott: Who is Isaac Watt?)
...
(Dan: [Very slowly] CHEMISTRY for $400.)

James Watt

DanScott
    $800 15
(Mira: What is the 14th Amendment?)
(Ken: No.)
(Mira: 15th.)
(Scott: What is the 15th?)

the 13th

DanScottMira
    $800 8
Black Panther

Scott
    $800 18
Helix

Scott
    $800 26
activated

Mira
    $800 16
chess

Scott
    $1200 22
a digestif (a liqueur)

Mira
    $1200 7
the Cherokee

Mira
    $1200 3
Emma Thompson

Scott
    $1200 9
Pete Holmes

Triple Stumper
    $1200 27
(Ken: For Alessandro Volta, a [*] cell.)

voltaic

Triple Stumper
    $1200 13
Tesla

Mira
    $1600 24
(Mira: Who is Colt?)

Derringer

Mira
Triple Stumper
    $1600 5
St. Augustine

Dan
    $1600 1
Jessica Chastain

Mira
    $1600 2
Eleanor Roosevelt

Dan
    $1600 11
distillation

Mira
    $1600 12
rand

Mira
    $2,000 23
(Mira: What is vacuum?)
...
(Ken: From Hermes Trismegistus.)

hermetic

Mira
    $2000 6
(Mira: What is the Mayflower Charter?)

the Mayflower Compact

ScottMira
    $2000 4
Sophia Loren

Scott
    $2000 10
(Scott: Who is Livingstone?)

Albert Schweitzer

Scott
Triple Stumper
    $500 30
the rare earth elements

Dan
    $2000 14
Georgia

Mira

Scores at the end of the Double Jeopardy! Round:

Dan Scott Mira
$12,100 $5,600 $10,600

[wagering suggestions for these scores]

Final Jeopardy! Round responses

THEATER HISTORY
(Ken: [To Mira] Yes, the harness that helped the actress fly to play [*].)
ScottWho is Mother Courage?
$5,598
MiraWho is Peter Pan?
$4,000
DanWho is Pygmalion
$9,101
Peter Pan

Final scores:

Dan Scott Mira
$2,999 $2 $14,600
2nd place: $2,000 3rd place: $1,000 New champion: $14,600

Game dynamics:

Coryat scores:

Dan Scott Mira
$14,600 $5,600 $12,600
20 R
(including 1 DD),
2 W
(including 1 DD)
12 R,
5 W
20 R,
6 W
(including 1 DD)

Combined Coryat: $32,800

[game clues] [game scores] [suggest correction]

Game tape date: 2022-12-08
The J! Archive is created by fans, for fans. Scraping, republication, monetization, and malicious use prohibited; this site may use cookies and collect identifying information. See terms. The Jeopardy! game show and all elements thereof, including but not limited to copyright and trademark thereto, are the property of Jeopardy Productions, Inc. and are protected under law. This website is not affiliated with, sponsored by, or operated by Jeopardy Productions, Inc. Join the discussion at JBoard.tv.